LIBRARY & INFORMATION CENTRE, KCAET, TAVANUR

ONLINE PUBLIC ACCESS CATALOGUE (OPAC)

Agricultural marketing vol 2 (Record no. 17540)

MARC details
000 -LEADER
fixed length control field 00369nam a22001457a 4500
003 - CONTROL NUMBER IDENTIFIER
control field OSt
008 - FIXED-LENGTH DATA ELEMENTS--GENERAL INFORMATION
fixed length control field 220825b |||||||| |||| 00| 0 eng d
020 ## - INTERNATIONAL STANDARD BOOK NUMBER
ISBN 9789351242390
082 ## - DEWEY DECIMAL CLASSIFICATION NUMBER
Classification number 381.410954
Item number NIR/AG
100 ## - MAIN ENTRY--AUTHOR NAME
Personal name Nirmal ravi kumar
245 ## - TITLE STATEMENT
Title Agricultural marketing vol 2
260 ## - PUBLICATION, DISTRIBUTION, ETC. (IMPRINT)
Place of publication New delhi
Name of publisher Daya publishing house
Year of publication 2014
300 ## - PHYSICAL DESCRIPTION
Number of Pages 1084
942 ## - ADDED ENTRY ELEMENTS (KOHA)
Koha item type Books
Holdings
Withdrawn status Lost status Damaged status Collection code Home library Current library Date acquired Full call number Accession Number Koha item type
      Reference KAUAET KAUAET 25/08/2022 381.410954 NIR/AG 24843 Books
free website counter